Vật lý điện tử

שמור ב:
מידע ביבליוגרפי
מחבר ראשי: Nguyễn, Minh Hiển
מחברים אחרים: Vũ, Linh
פורמט: ספר
שפה:Undetermined
יצא לאור: H. Giáo dục 2009
נושאים:
גישה מקוונת:http://lrc.tdmu.edu.vn/opac/search/detail.asp?aID=2&ID=4064
תגים: הוספת תג
אין תגיות, היה/י הראשונ/ה לתייג את הרשומה!
Thư viện lưu trữ: Trung tâm Học liệu Trường Đại học Thủ Dầu Một
LEADER 00617nam a2200205Ia 4500
001 TDMU_4064
008 210410s9999 xx 000 0 und d
082 |a 537.5 
090 |b NG527 
100 |a Nguyễn, Minh Hiển 
245 0 |a Vật lý điện tử 
245 0 |c Nguyễn Minh Hiển, Vũ Linh 
260 |a H. 
260 |b Giáo dục 
260 |c 2009 
300 |a 302tr. 
650 |a Vật lý điện tử 
700 |a Vũ, Linh 
856 |u http://lrc.tdmu.edu.vn/opac/search/detail.asp?aID=2&ID=4064 
980 |a Trung tâm Học liệu Trường Đại học Thủ Dầu Một